Fifty-nine per cent of monthly portfolio value goes to retails - Q4, 2004! (Record no. 75783)

MARC details
000 -LEADER
fixed length control field 00976cab a2200181 4500
001 - CONTROL NUMBER
control field L130733
008 - FIXED-LENGTH DATA ELEMENTS--GENERAL INFORMATION
fixed length control field 050826n2005 000 0 eng u
035 ## - SYSTEM CONTROL NUMBER
System control number (Sirsi) u130733
041 ## - LANGUAGE CODE
Language code of text/sound track or separate title eng
100 ## - MAIN ENTRY--PERSONAL NAME
Personal name Duncan, Bryan
245 ## - TITLE STATEMENT
Title Fifty-nine per cent of monthly portfolio value goes to retails - Q4, 2004!
260 ## - PUBLICATION, DISTRIBUTION, ETC.
Date of publication, distribution, etc. 2005
490 ## - SERIES STATEMENT
Series statement Journal of Retail and Leisure Property
Volume/sequential designation 4(3) 2005, 260-271(12)
520 ## - SUMMARY, ETC.
Summary, etc. The retail sector was again top during 2004, with a total return of 21.7%. The performances was achieved off the back of the strongest retail growth and largest fall in yields. Retail growth stocks outperformed value stocks, but value stocks' rentals did well. Retails continue to get the bulk of net investment: they now account for 59% of monthly fund portfolio value. The retail sector should continue to deliver relatively strong returns.
590 ## - LOCAL NOTE (RLIN)
Local note IKA300805
690 ## - LOCAL SUBJECT ADDED ENTRY--TOPICAL TERM (OCLC, RLIN)
Topical term or geographic name as entry element PROPERTY-COMMERCIAL PROPERTY-COMMERCIAL PROPERTY MARKET
942 ## - ADDED ENTRY ELEMENTS (KOHA)
Suppress in OPAC 0
Holdings
Withdrawn status Lost status Source of classification or shelving scheme Damaged status Not for loan Home library Current library Shelving location Date acquired Total Checkouts Full call number Barcode Date last seen Copy number Price effective from Koha item type
    Dewey Decimal Classification     London London Journal article 26/08/2005   L130733 130733-1001 06/08/2019 1 06/08/2019 Journal article